000 00599nam a2200205Ia 4500
003 OSt
005 20220926041518.0
006 a|||||r|||| 00| 0
007 ta
008 220923b |||||||| |||| 00| 0 eng d
037 _cGeneral Book
040 _aRTL
_cRTL
_beng
041 _2eng
_aeng
082 _aX:9.73.N2, F4
245 0 _aBusiness fluctuation and the American labour movem
490 _aStudies in history, economics and public law
650 _aPublic Relation Management - United States
_9238238
942 _hX:9.73.N2, F4
_cGB
_2CC
999 _c667317
_d667317